000 00446nmm a2200157Ia 4500
008 251105s9999||||xx |||||||||||||||||und||
020 _a9788498381900
041 _aspa
100 _aKrauss, Nicole
245 0 _aLlega un hombre y dice
264 _a[Madrid, España] :
_bEdiciones Salamandra,
_c2013
300 _a288 páginas
650 _aNorth American narrative
856 _uhttps://public.digitaliapublishing.com/a/48237
942 _cCF
999 _c91643
_d91643